000 00998nam a22003137a 4500
001 BR8500443
003 BR-BrBNA
005 20230928092039.0
007 ta
008 230509b bl.||||| |||| 00| 0 por d
040 _aBR-BrBNA
_bpor
_cBiblioteca Nacional de Agricultura
041 _a(Por)
072 _aK20
_b/G514
090 _ K20 BR8500443
100 1 _aCampos, J.C.C. (ed.)
110 1 _aInstituto Brasileiro de Desenvolvimento Florestal, Brasilia, DF. Depto. de Economia Florestal
_95737
245 1 _aInventario florestal nacional, reflorestamento: Minas Gerais [Brasil]
246 1 _a[National forest inventory, reforestation: Minas Gerais [Brazil]]
260 3 _aBrasilia, DF (Brasil):
_c1984.
300 _a126 p.
500 _a52 illus.; 21 tables
650 _aREFLORESTAMENTO
650 _aMINAS GERAIS
650 _aLEVANTAMENTO FLORESTAL
650 _aINVENTARIO FLORESTAL
650 _aREFLORESTAMENTO
909 _a202309
_bLucia
_c55
_dLucia Elande
942 _cBK
999 _c36881
_d36881